| 000 | 01793cam a22004574i 4500 | ||
|---|---|---|---|
| 003 | PE-LiUPU | ||
| 005 | 20250731173136.0 | ||
| 008 | 150623s r 000 0 d | ||
| 020 | _a0842341714 | ||
| 035 | _a(Sirsi) i9780842341714 | ||
| 040 |
_aPE-LiUPU _bspa _cPE-LiUPU _erda |
||
| 049 | _aPRUA | ||
| 082 | 0 | 4 |
_a264.165 _bM51 _221 |
| 245 | 0 | 4 |
_aThe marriage affair : _bthe family counselor / _cJ. Allan Petersen, ed. |
| 264 | 1 |
_aWheaton, Illinois : _bTyndale house publishers, _c1989. |
|
| 300 |
_a420 páginas ; _c21 centímetros |
||
| 336 |
_atext _2rdacontent |
||
| 337 |
_aunmediated _2rdamedia |
||
| 338 |
_avolume _2rdacarrier |
||
| 505 | 0 | _aThe blissful venture. Seeing yourself. Uniquely a man. Uniquely a woman. Preparing for parenthood. Uniquely children. Creating the atmosphere. Closing the generation gap. Understanding our times. Making problems pay. Deepening love's dialogue. Making sense with dollars. Discovering sexual intimacy. Warming the empty nest. | |
| 526 | _aSEG42 | ||
| 526 | _aSEG41 | ||
| 526 | _aSEG40 | ||
| 526 | _aSEG39 | ||
| 526 | _aP94 | ||
| 526 | _aP87 | ||
| 526 | _aP86 | ||
| 526 | _aP85 | ||
| 526 | _aP77 | ||
| 526 | _aP76 | ||
| 526 | _aP35 | ||
| 650 | 0 | 4 |
_aConsejería matrimonial. _94170 |
| 650 | 0 | 4 |
_aMatrimonio _xAspectos religiosos. |
| 700 | 1 |
_aPetersen, J. Allan, _eed. |
|
| 942 |
_2ddc _cBOOK |
||
| 949 |
_a264.165 M51 _wDEWEY _c1 _i52306 _lCCODEBUL1 _mBUL _p10.00 _r0 _sY _tBOOK _u2015-6-24 _xTEOLOGIA _PP35 _0COMPRA _o.STAFF. Colección General |
||
| 994 |
_aC0 _bPEPRU |
||
| 596 | _a1 | ||
| 999 |
_a264.165 M51 _wDEWEY _c34125 _i52306 _f2021-11-10 _g5 _lCCODEBUL1 _mBUL _p10.00 _r0 _sY _tBOOK _u2015-6-24 _xTEOLOGIA _PP35 _0COMPRA _o.STAFF. Colección General _d34125 |
||
| 980 |
_81 _gALBERTO SANCHEZ Responsable de Automatización |
||